00981nam a2200241 a 450000100100000000500170001000800410002702000150006804000250008308200190010810000220012724501570014924600900030626000570039630000390045350000680049265000160056065000380057665000380061465000340065270000240068670000290071000000727420260417112310.0090723s2007 dr ad 001 0 spa d a9993499501 aDO-SdBNPbspacBNPHU a305.235bC117p1 aCabreja, Germán10aPrograma de desarrollo para jovenes y adolescentes :bautoestima y educación sexual /cGermán Cabreja ; colaboradores Rafael Cruz, Rosa Lina Valdez.14aPrograma de desarrollo personal, familiar y profesional :bmanual de calidad de vida. aSanto Domingo :bCultural Hispanoamericana,c[2007]. a200 p. :bil., gráfcs. ;c28 cm. aLa biblioteca posee 3 ejemplares autografíados por la autora. 0aAutoestima  4aEducación sexual para jóvenes 4aEducación para la vida familiar 0aPsicología del adolescente 1 aCruz, Rafael,ecol.1 aValdez, Rosa Lina,ecol.